Online
Catalog

El hombre y la piedra / (Record no. 1951)

MARC details
000 -CABECERA
campo de control de longitud fija 00672cam a22001817a 4500
001 - NÚMERO DE CONTROL
campo de control 000002091
005 - FECHA Y HORA DE LA ÚLTIMA TRANSACCIÓN
campo de control 20200929145829.0
008 - DATOS DE LONGITUD FIJA--INFORMACIÓN GENERAL
campo de control de longitud fija 770311s1973 ve 001 0 spa
040 ## - FUENTE DE LA CATALOGACIÓN
Centro catalogador/agencia de origen DO-SdBNP
Lengua de catalogación spa
Centro/agencia transcriptor BNPHU
082 ## - NÚMERO DE LA CLASIFICACIÓN DECIMAL DEWEY
Número de clasificación V860.08
Número de documento/Ítem Y471h
100 1# - ENTRADA PRINCIPAL--NOMBRE DE PERSONA
Nombre de persona Yepez, Luis
9 (RLIN) 6732
245 13 - MENCIÓN DE TÍTULO
Título El hombre y la piedra /
Mención de responsabilidad, etc. Luis Yepez.
260 ## - PUBLICACIÓN, DISTRIBUCIÓN, ETC.
Lugar de publicación, distribución, etc. Caracas :
Nombre del editor, distribuidor, etc. Asociación de Escritores Venezolanos,
Fecha de publicación, distribución, etc. 1973.
300 ## - DESCRIPCIÓN FÍSICA
Extensión 180 p. ;
Dimensiones 16 cm.
490 1# - MENCIÓN DE SERIE
Mención de serie Cuadernos literarios de la Asociación de Escritores Venezolanos
Designación de volumen o secuencia v. 133
650 #4 - PUNTO DE ACCESO ADICIONAL DE MATERIA--TÉRMINO DE MATERIA
Término de materia o nombre geográfico como elemento de entrada Literatura venezolana
Subdivisión general Colección de escritos
9 (RLIN) 6733
830 #0 - PUNTO DE ACCESO ADICIONAL DE SERIE-TÍTULO UNIFORME
Título uniforme Cuadernos literarios de la Asociación de Escritores Venezolanos ;
Designación de volumen o secuencia v. 133
9 (RLIN) 6734
Holdings
Estado de retiro Estado de pérdida Restricciones de uso No para préstamo Código de colección Localización permanente Ubicación/localización actual Ubicación en estantería Fecha de adquisición Número de inventario Total de préstamos Signatura topográfica completa Código de barras Fecha visto por última vez Precio válido a partir de Tipo de ítem Koha
    Préstamo interno   Monografías: Libros y Folletos General General En catalogación 08.07.2009 LF1   V860.08 Y471h 2091-10 25.06.2020 25.06.2020 Préstamo interno

Powered by Koha